Contemporary Latin American Short Stories/ (Record no. 194191)

MARC details
000 -LEADER
fixed length control field 00525nam a22001697a 4500
005 - DATE AND TIME OF LATEST TRANSACTION
control field 20240102155517.0
010 ## - LCCN (DPL NO)
LC control number ENG-135807
020 ## - INTERNATIONAL STANDARD BOOK NUMBER
International Standard Book Number 9789380005317
Terms of availability 145.00
035 ## - SYSTEM CONTROL NUMBER
System control number EN-119339
037 ## - SOURCE OF ACQUISITION
Source of stock number/acquisition DBAD/PUB
082 ## - DEWEY DECIMAL CLASSIFICATION NUMBER
Classification number s
245 ## - TITLE STATEMENT
Title Contemporary Latin American Short Stories/
260 ## - PUBLICATION, DISTRIBUTION, ETC. (IMPRINT)
Place of publication, distribution, etc New Delhi
Name of publisher, distributor, etc Maple Press Pvt. Ltd
Date of publication, distribution, etc 2022
270 ## - ADDRESS
Address 4675 A/21, 1st Floor, Ansari Road, Daryaganj
City New Delhi
Postal code 110002
Electronic mail address info@maplepress.co.in
300 ## - PHYSICAL DESCRIPTION
Extent 401p.
Dimensions 18cm(pbk)
942 ## - ADDED ENTRY ELEMENTS (KOHA)
Source of classification or shelving scheme Dewey Decimal Classification
Item type English Books
Classification part 920
Call number suffix ROY
Holdings
Withdrawn status Lost status Not for loan Collection code Home library Current library Date acquired Source of acquisition Cost, normal purchase price Full call number Barcode Copy number Cost, replacement price Koha item type
      Fiction Ashok Vihar Ashok Vihar 09/12/2022 DBAD/PUB 145.00 S CON EN-119339 1 145.00 English Books

© Delhi Public Library
Hit Counter
free hit counter